Lively Discussions! Fostering Engaged Reading (Record no. 24122)

MARC details
000 -LEADER
fixed length control field 00748nam a22002297a 4500
003 - CONTROL NUMBER IDENTIFIER
control field OSt
005 - DATE AND TIME OF LATEST TRANSACTION
control field 20260612114655.0
008 - FIXED-LENGTH DATA ELEMENTS--GENERAL INFORMATION
fixed length control field 260612b |||||||| |||| 00| 0 eng d
020 ## - INTERNATIONAL STANDARD BOOK NUMBER
International Standard Book Number 0872071472
040 ## - CATALOGING SOURCE
Transcribing agency Chuka University Library
050 ## - LIBRARY OF CONGRESS CALL NUMBER
Classification number LC 6551
Item number .L5 1996
100 ## - MAIN ENTRY--PERSONAL NAME
Personal name Gambrell, Linda B [Editor]
9 (RLIN) 28868
245 ## - TITLE STATEMENT
Title Lively Discussions! Fostering Engaged Reading
260 ## - PUBLICATION, DISTRIBUTION, ETC.
Place of publication, distribution, etc. Delaware
Name of publisher, distributor, etc. International Reading Association
Date of publication, distribution, etc. 1996
300 ## - PHYSICAL DESCRIPTION
Extent varoius pages
Other physical details Illustrated
650 ## - SUBJECT ADDED ENTRY--TOPICAL TERM
Topical term or geographic name entry element Forums [Discussion and debate]
9 (RLIN) 28869
650 ## - SUBJECT ADDED ENTRY--TOPICAL TERM
Topical term or geographic name entry element Reading [Elementary]
650 ## - SUBJECT ADDED ENTRY--TOPICAL TERM
Topical term or geographic name entry element Literature-Study and teaching [Elementary]
9 (RLIN) 26726
650 ## - SUBJECT ADDED ENTRY--TOPICAL TERM
Topical term or geographic name entry element Group reading
9 (RLIN) 28257
700 ## - ADDED ENTRY--PERSONAL NAME
Personal name Almasi, Janice F. [Editor]
9 (RLIN) 28870
942 ## - ADDED ENTRY ELEMENTS (KOHA)
Source of classification or shelving scheme Library of Congress Classification
Koha item type Long Loan Books
Suppress in OPAC No
Holdings
Withdrawn status Lost status Source of classification or shelving scheme Damaged status Not for loan Collection Home library Current library Shelving location Date acquired Source of acquisition Cost, normal purchase price Total Checkouts Full call number Barcode Date last seen Price effective from Koha item type
    Library of Congress Classification     General Collection Books Main Campus Library Main Campus Library General Stacks 12/06/2026 Donation from books of Africa 1026.84   LC 6551 .L5 1886 34184/2026 12/06/2026 12/06/2026 Long Loan Books

Powered by Koha